000 00597nam a2200253 a 4500
001 nice12345678
003 IN_TiNIC
005 20260116011440.0
008 050524s1907 lona grp 000 0 eng
020 _a
_c100
082 0 0 _a294.5921
_bFRA
100 _aFrazer, R W
245 _aLiterary History of India
260 _aLondon
_bT.Fisher Unwin Ltd
_c1907
300 _a470p
500 _aincludes index and biblioraphy
505 2 _aIndex
650 _aHindu Literature
650 _aIndia-History
700 1 _aFrazer, R W
902 _bSRS
942 _cBK
999 _c1628
_d1628